000 00405nam a2200181Ia 4500
001 4414
005 20260306145754.0
008 260306t2007||||xx |||||||||||||| ||spa||
041 _aESP
082 _a321.8
_bC93
100 _aMieres, Pablo
_eAUT
245 0 _aPartidos y sistemas de partidos
260 _c2007
300 _a
_c21 cm.
650 _aGEN
654 _aCDE
942 _cLIB
_dJUS
_fJUS
_2ddc
_n
999 _c4414
_d4414